000 00986nam a22002897a 4500
003 DO-SdBNP
005 20220324135153.0
007 ta
008 210426e 2020 dr a 00| 0dspa d
020 _a9789945503760
040 _aDO-SdBNP
_bspa
_cBNPHU
082 4 _a701.17
_bM971c
_222
100 1 _aMuñoz, Dustín,
_d1972-
_978491
245 1 3 _aLa contemplación estética de lo feo /
_cDustín Muñoz
260 _aSanto Domingo :
_bNacional,
_c2020.
300 _a272 p. :
_bil. ;
_c20 cm.
500 _aIncluye referencias bibliográficas y notas al pie de las páginas.
500 _aIncluye apéndice de imágenes, p. 257-262.
504 _aBibliografía : p. 245-256
586 _aPremio Anual de Ensayo Pedro Henríquez Ureña 2019
590 _aInventariado, 2021/MFF
590 _aLa biblioteca posee 2 ejemplares autografiados por el autor
650 4 _aEstética
_9653
650 4 _aFilosofía del arte
_916328
910 _aValidado, 2021/MFF
942 _2ddc
_cLBS1
999 _c49784
_d49784